<?xml version="1.0" encoding="UTF-8"?>
<collection xmlns="http://www.loc.gov/MARC21/slim">
    <record>
        <controlfield tag="001">46653</controlfield>
        <controlfield tag="005">20170831220544.0</controlfield>
        <datafield tag="037" ind1=" " ind2=" ">
            <subfield code="a">GDOC-2011-1754</subfield>
        </datafield>
        <datafield tag="041" ind1=" " ind2=" ">
            <subfield code="a">spa</subfield>
        </datafield>
        <datafield tag="100" ind1=" " ind2=" ">
            <subfield code="0">(orcid)0000-0002-0944-2804</subfield>
            <subfield code="a">Lope Domingo, Miguel Ángel</subfield>
        </datafield>
        <datafield tag="245" ind1="0" ind2="0">
            <subfield code="9">67118</subfield>
            <subfield code="a">Técnicas de calidad en sistemas mecánicos</subfield>
        </datafield>
        <datafield tag="260" ind1=" " ind2=" ">
            <subfield code="a">Zaragoza</subfield>
            <subfield code="b">Universidad de Zaragoza</subfield>
            <subfield code="c">2011-2012</subfield>
        </datafield>
        <datafield tag="520" ind1=" " ind2=" ">
            <subfield code="a"> Técnicas y herramientas para el aseguramiento de la calidad a lo largo del ciclo de vida del producto mecánico (definición de especificaciones de producto EDP, análisis del valor, QFD, revisión de diseño, AMFE, diseño de experimentos y SPC). Bases conceptuales de Fiabilidad en Ingeniería. Estudio de fatiga mecánica en componentes. Mecánica de la Fractura en componentes mecánicos. Comportamiento en servicio de sistemas mecánicos. Técnicas y herramientas para el aseguramiento de la calidad a lo largodel ciclo de vida del producto mecánico (definición de especificacionesde producto EDP, análisis del valor, QFD, revisión de diseño, AMFE,diseño de experimentos y SPC). Bases conceptuales de Fiabilidad en Ingeniería. Estudio de fatiga mecánica en componentes. Mecánica de laFractura en componentes mecánicos. Comportamiento en servicio de sistemas mecánicos.</subfield>
        </datafield>
        <datafield tag="521" ind1=" " ind2=" ">
            <subfield code="9">642</subfield>
            <subfield code="a">Máster Universitario en Sistemas Mecánicos</subfield>
        </datafield>
        <datafield tag="540" ind1=" " ind2=" ">
            <subfield code="a">by-nc-sa</subfield>
            <subfield code="b">Creative Commons</subfield>
            <subfield code="c">3.0</subfield>
            <subfield code="u">http://creativecommons.org/licenses/by-nc-sa/3.0/</subfield>
        </datafield>
        <datafield tag="700" ind1=" " ind2=" ">
            <subfield code="0">(orcid)0000-0001-8975-5239</subfield>
            <subfield code="a">Ruiz Vázquez, Inmaculada</subfield>
        </datafield>
        <datafield tag="830" ind1=" " ind2=" ">
            <subfield code="9">322</subfield>
        </datafield>
        <datafield tag="856" ind1="4" ind2=" ">
            <subfield code="s">97186</subfield>
            <subfield code="u">http://zaguan.unizar.es/record/46653/files/guia.pdf</subfield>
            <subfield code="y">Guía (idioma español)</subfield>
        </datafield>
        <datafield tag="980" ind1=" " ind2=" ">
            <subfield code="a">GDOC</subfield>
            <subfield code="b">Ingeniería y Arquitectura</subfield>
            <subfield code="c">110</subfield>
        </datafield>
    </record>

    
</collection>